|
|
|
|
| LEADER |
00000nam a2200000 a 4500 |
| 001 |
vtls001424353 |
| 003 |
SK-MaSNL |
| 005 |
20260301202542.0 |
| 008 |
160415s2001 xo ab y 0 slo |
| 015 |
|
|
|a SNBE2002/01-00131
|
| 020 |
|
|
|a 8085159511
|
| 035 |
|
|
|a SNK000379233
|
| 040 |
|
|
|a SNK
|b slo
|c SNK
|e AACR2
|
| 041 |
0 |
|
|a slo
|
| 044 |
|
|
|a xo
|c SK
|
| 080 |
|
|
|a 77.04+77.063:061.4(083.9)
|2 1981
|
| 080 |
|
|
|a 77.063
|2 12. stred. slo
|
| 111 |
1 |
|
|a Amfo a diafoto
|n 5.
|d 2001
|c Sliač, Slovensko
|4 aut
|9 584743
|
| 245 |
1 |
|
|a AMFO a DIAFOTO 2001
|b krajská súťaž a výstava amatérskej fotografie
|c komisár výstavy: Angela Vidholdová ; zostavila: Angela Vidholdová ; fotografie na obálke: Gianka Kolláriková ; usporiadateľ: Podpolianske osvetové stredisko vo Zvolene
|
| 260 |
|
|
|a Zvolen
|b Podpolianske osvetové stredisko
|c 2001
|
| 300 |
|
|
|a [16] s.
|b fotogr.
|c 19 cm
|
| 500 |
|
|
|a 100 výt. Nepredajné!
|
| 610 |
0 |
7 |
|a Amfo a diafoto
|d 2001
|x výstavy
|x katalógy
|2 SNK
|9 584744
|
| 611 |
1 |
7 |
|a Amfo a diafoto
|d 2001
|c Sliač, Slovensko
|x výstavy
|x katalógy
|2 SNK
|9 584745
|
| 651 |
|
7 |
|a 611
|2 SNK
|9 291000
|
| 655 |
|
7 |
|a katalógy výstav
|2 SNK
|9 70445
|
| 700 |
1 |
|
|a Vidholdová, Angela
|4 com
|4 aud
|9 353447
|
| 700 |
1 |
|
|a Kolláriková, Gianka
|4 fot
|9 584746
|
| 710 |
0 |
|
|a Podpolianske osvetové stredisko (Zvolen, Slovensko)
|4 aut
|4 ini
|9 32680
|
| 919 |
|
|
|a 80-85159-51-1
|
| 958 |
|
|
|a TL
|
| 958 |
|
|
|a BQ
|
| 999 |
|
|
|c 899249
|d 901179
|
| 952 |
|
|
|t P60, <03>, [BOOK], {603}
|a SNK
|b SNK
|y PREZ
|7 0
|p 17A0322651
|o snkOSD 8577
|i snkKSP 13068/2001
|0 0
|1 0
|4 0
|d 2001-11-20
|l 0
|r 2005-01-02 00:00:00
|w 2026-02-24
|
| 952 |
|
|
|t P60, <04>, [BOOK], {604}
|a SNK
|b SNK
|y VYP
|7 0
|p 17A0322652
|o snkOSD 8577 D1
|i snkKSP 13069/2001
|0 0
|1 0
|4 0
|d 2001-11-20
|l 0
|r 2005-01-02 00:00:00
|w 2026-02-24
|